[Event "10e Open Internationnal de Balagne"]
[Site "Calvi"]
[Date "2013.04.13"]
[Round "1"]
[White "Fressinet, Laurent "]
[Black "Murcia, Gerald "]
[Result "1-0"]
[WhiteElo "2706"]
[BlackElo "1630"]
[PlyCount "41"]
[EventDate "2013.04.13"]

1. e4 g6 2. d4 Bg7 3. Nc3 c6 4. f4 d6 5. Nf3 Nf6 6. Bd3 Bg4 7. h3 Bxf3 8. Qxf3
Qb6 9. e5 dxe5 10. dxe5 Nfd7 11. Ne4 O-O 12. h4 f5 13. Ng5 c5 14. h5 e6 15.
hxg6 hxg6 16. Qh3 Rf7 17. Qh7+ Kf8 18. Qxg6 Re7 19. Nh7+ Kg8 20. Nf6+ Kf8 21.
Rh8+ 1-0

[Event "10e Open Internationnal de Balagne"]
[Site "Calvi"]
[Date "2013.04.13"]
[Round "1"]
[White "Cardi, Nathalie "]
[Black "Bacrot, Etienne"]
[Result "0-1"]
[WhiteElo "1499"]
[BlackElo "2705"]
[PlyCount "28"]
[EventDate "2013.04.13"]

1. e4 c5 2. Nc3 Nc6 3. Bc4 e6 4. Nf3 a6 5. a3 b5 6. Ba2 Bb7 7. d3 Nge7 8. Be3
Ng6 9. O-O Be7 10. Re1 O-O 11. g3 Rc8 12. Qd2 f5 13. Qc1 fxe4 14. Nd2 d5 0-1

[Event "10e Open Internationnal de Balagne"]
[Site "Calvi"]
[Date "2013.04.13"]
[Round "1"]
[White "Rapport, Richard "]
[Black "Daagi, Mahdi "]
[Result "1-0"]
[WhiteElo "2654"]
[BlackElo "1499"]
[PlyCount "55"]
[EventDate "2013.04.13"]

1. b3 e5 2. Bb2 Nc6 3. e3 d5 4. Bb5 a6 5. Bxc6+ bxc6 6. Bxe5 Bd6 7. Bxg7 Bg4 8.
Qxg4 Nf6 9. Qf5 Rg8 10. Bxf6 Be7 11. Bxe7 Qxe7 12. g3 Rg5 13. Qf4 O-O-O 14. Nf3
Rg6 15. Nc3 Qf6 16. Ne5 Rh6 17. Nxf7 Qxf4 18. gxf4 Rdd6 19. O-O-O Rhf6 20.
Nxd6+ cxd6 21. Rhg1 Kc7 22. Rg7+ Kb6 23. Na4+ Ka5 24. Kb2 c5 25. c3 Rh6 26. Ka3
Rxh2 27. Rb7 c4 28. b4# 1-0

[Event "10e Open Internationnal de Balagne"]
[Site "Calvi"]
[Date "2013.04.13"]
[Round "1"]
[White "Roux, Eric "]
[Black "Tkachiev, Vladislav "]
[Result "0-1"]
[WhiteElo "1499"]
[BlackElo "2632"]
[PlyCount "70"]
[EventDate "2013.04.13"]

1. e4 d6 2. d3 g6 3. Nf3 Bg7 4. Nc3 c5 5. Be3 Nc6 6. Be2 e5 7. O-O Nge7 8. b3
O-O 9. Nd5 Nxd5 10. exd5 Ne7 11. Ng5 Nxd5 12. c4 Nxe3 13. fxe3 Qxg5 14. Rf3 e4
15. dxe4 Bxa1 16. Qxa1 Qe5 17. Qe1 Bg4 18. Rf4 Bxe2 19. Qxe2 Rae8 20. Rg4 f5
21. Rg5 Qxe4 22. Qf3 Qxe3+ 23. Qxe3 Rxe3 24. Rg3 Rfe8 25. Rxe3 Rxe3 26. a3 Rxb3
27. a4 Rb4 28. a5 Rxc4 29. h4 Rxh4 30. g3 Re4 31. Kg2 c4 32. Kh3 c3 33. Kh2 c2
34. Kg2 c1=Q 35. Kh3 Qh1# 0-1

[Event "10e Open Internationnal de Balagne"]
[Site "Calvi"]
[Date "2013.04.13"]
[Round "2"]
[White "Massardo, Quentin "]
[Black "Fressinet, Laurent "]
[Result "0-1"]
[WhiteElo "1736"]
[BlackElo "2706"]
[PlyCount "70"]
[EventDate "2013.04.13"]

1. d4 Nf6 2. c4 e6 3. Nf3 Bb4+ 4. Bd2 a5 5. g3 d6 6. Bg2 Nbd7 7. O-O e5 8. Bxb4
axb4 9. a3 O-O 10. Qb3 c5 11. dxc5 dxc5 12. Rd1 Qe7 13. Ng5 h6 14. Ne4 Nxe4 15.
Bxe4 Nf6 16. Bd5 Bd7 17. Qf3 Nxd5 18. cxd5 e4 19. Qe3 Qe5 20. Nd2 Qxb2 21. Rdb1
Qc2 22. Rc1 Qa4 23. Qxc5 bxa3 24. Rc4 Qa5 25. Nxe4 Rfe8 26. e3 b5 27. Rb4 Rec8
28. Qe7 Qd8 29. Qd6 Be8 30. Qxd8 Rxd8 31. d6 Bc6 32. Nd2 Rxd6 33. Nb3 Be8 34.
Nd4 Rda6 35. Nxb5 Rb6 0-1

[Event "10e Open Internationnal de Balagne"]
[Site "Calvi"]
[Date "2013.04.13"]
[Round "2"]
[White "Tkachiev, Vladislav"]
[Black "Bedini, Lucas "]
[Result "1-0"]
[WhiteElo "2632"]
[BlackElo "1721"]
[PlyCount "97"]
[EventDate "2013.04.13"]

1. d4 d5 2. c4 c6 3. Nf3 Nf6 4. Nc3 Bf5 5. cxd5 Nxd5 6. Nh4 Bg4 7. h3 Bd7 8. e4
Nxc3 9. bxc3 g6 10. Bc4 Bg7 11. O-O c5 12. Nf3 Nc6 13. Be3 Rc8 14. Rc1 O-O 15.
d5 Ne5 16. Nxe5 Bxe5 17. f4 Bg7 18. e5 Bf5 19. Qf3 Kh8 20. Rfd1 a6 21. Bf1 Qa5
22. Qf2 Rfd8 23. c4 Qb6 24. Rc3 e6 25. Rb3 Qc7 26. d6 Qc6 27. g4 Be4 28. g5 Rb8
29. Bxc5 b5 30. cxb5 axb5 31. Be3 Bd5 32. Bg2 Qc4 33. Rc1 Qa4 34. Bxd5 exd5 35.
Qg2 b4 36. Qxd5 Qxa2 37. Qd1 Qa5 38. Qd4 Rd7 39. Rcb1 Rdb7 40. Bd2 Qa6 41. Rxb4
Rxb4 42. Rxb4 Rd8 43. Qb6 Qa1+ 44. Rb1 Qa8 45. Kf2 Qc8 46. Qc7 Qa8 47. Ra1 Qc8
48. Qxc8 Rxc8 49. Ba5 1-0

[Event "10e Open Internationnal de Balagne"]
[Site "Calvi"]
[Date "2013.04.13"]
[Round "2"]
[White "Bunoust, Lucas "]
[Black "Rapport, Richard "]
[Result "0-1"]
[WhiteElo "1726"]
[BlackElo "2654"]
[PlyCount "54"]
[EventDate "2013.04.13"]

1. d4 Nf6 2. c4 g6 3. Nc3 Bg7 4. e4 d6 5. f3 c6 6. Be3 a6 7. c5 Nbd7 8. Bd3 O-O
9. Nge2 b6 10. cxd6 exd6 11. O-O Re8 12. Qb3 Bb7 13. Rac1 Qe7 14. Ng3 c5 15. d5
b5 16. Bb1 b4 17. Nce2 Bxd5 18. Qc2 Bc6 19. Bf4 Bb5 20. Rfd1 Ne5 21. Bxe5 Qxe5
22. f4 Qe7 23. Rd2 Rad8 24. Rcd1 Ng4 25. Qb3 Qa7 26. Kf1 c4 27. Qf3 Nxh2+ 0-1

[Event "10e Open Internationnal de Balagne"]
[Site "Calvi"]
[Date "2013.04.13"]
[Round "2"]
[White "Bacrot, Etienne "]
[Black "Battesti, Leo "]
[Result "1-0"]
[WhiteElo "2705"]
[BlackElo "1732"]
[PlyCount "31"]
[EventDate "2013.04.13"]

1. d4 Nf6 2. Nf3 c5 3. d5 d6 4. Nc3 g6 5. e4 Bg7 6. Bb5+ Bd7 7. Be2 O-O 8. a4
Na6 9. O-O Nc7 10. h3 b5 11. axb5 Qb8 12. e5 dxe5 13. Nxe5 Bxb5 14. Nxb5 Nxb5
15. Nc6 Qc7 16. Bxb5 1-0

[Event "10e Open Internationnal de Balagne"]
[Site "Calvi"]
[Date "2013.04.13"]
[Round "3"]
[White "Bigonnet, Jean-Michel "]
[Black "Tkachiev, Vladislav "]
[Result "0-1"]
[WhiteElo "1976"]
[BlackElo "2632"]
[PlyCount "68"]
[EventDate "2013.04.13"]

1. e4 d6 2. d4 g6 3. Nc3 Bg7 4. Be3 c6 5. Qd2 b5 6. g3 Nf6 7. Bg2 Qa5 8. e5
dxe5 9. dxe5 Ng4 10. f4 O-O 11. Rd1 b4 12. Ne4 Nxe3 13. Qxe3 Qxa2 14. Qd4 Na6
15. Nf3 Bf5 16. O-O Nc7 17. h3 Ne6 18. Qe3 Qxb2 19. g4 Bxe4 20. Qxe4 Nc5 21.
Qc4 Qc3 22. Qe2 Ne6 23. Qe4 Bh6 24. g5 Bg7 25. h4 Rfd8 26. Bh3 Nc5 27. Qe2 e6
28. Bg2 Rd5 29. Rxd5 cxd5 30. Rd1 Ne4 31. Nd4 Nc5 32. Kh2 Rc8 33. Bh3 Ne4 34.
Nxe6 Qg3+ 0-1

[Event "10e Open Internationnal de Balagne"]
[Site "Calvi"]
[Date "2013.04.13"]
[Round "4"]
[White "Skripchenko, Almira "]
[Black "Fressinet, Laurent "]
[Result "0-1"]
[WhiteElo "2430"]
[BlackElo "2706"]
[PlyCount "64"]
[EventDate "2013.04.13"]

1. e4 e6 2. d4 d5 3. exd5 exd5 4. Nf3 Bg4 5. Qe2+ Qe7 6. Be3 Nc6 7. c3 O-O-O 8.
Nbd2 Nf6 9. h3 Bh5 10. g4 Bg6 11. Ne5 Nxe5 12. dxe5 Ne4 13. Bxa7 Nxd2 14. Kxd2
d4 15. cxd4 Qb4+ 16. Kc1 Qa5 17. f4 Qxa7 18. f5 Qxd4 19. Bg2 Bb4 20. a3 Ba5 21.
fxg6 hxg6 22. Rf1 Rhe8 23. Qf3 c6 24. Kb1 Rxe5 25. Ka2 Qc4+ 26. Qb3 Qxb3+ 27.
Kxb3 Rd2 28. Bf3 Rb5+ 29. Ka4 Rd4+ 30. b4 Bxb4 31. axb4 Rdxb4+ 32. Ka3 c5 0-1

[Event "10e Open Internationnal de Balagne"]
[Site "Calvi"]
[Date "2013.04.13"]
[Round "4"]
[White "Tkachiev, Vladislav "]
[Black "Brethes, François "]
[Result "1-0"]
[WhiteElo "2632"]
[BlackElo "2234"]
[PlyCount "39"]
[EventDate "2013.04.13"]

1. Nf3 d5 2. d4 e6 3. c4 dxc4 4. e3 c5 5. Bxc4 a6 6. O-O Nf6 7. b3 cxd4 8. Nxd4
e5 9. Nf3 Bd6 10. Ba3 Bxa3 11. Qxd8+ Kxd8 12. Nxa3 b5 13. Bxf7 Ke7 14. Nxe5
Nbd7 15. f4 Nxe5 16. fxe5 Ng4 17. Bd5 Rb8 18. Rf7+ Ke8 19. e6 Rb6 20. Rc7 1-0

[Event "10e Open Internationnal de Balagne"]
[Site "Calvi"]
[Date "2013.04.13"]
[Round "4"]
[White "Humeau, Cyril "]
[Black "Rapport, Richard "]
[Result "0-1"]
[WhiteElo "2312"]
[BlackElo "2654"]
[PlyCount "66"]
[EventDate "2013.04.13"]

1. c4 g6 2. g3 Bg7 3. Bg2 c5 4. Nf3 Nc6 5. O-O b6 6. Nc3 Bb7 7. b3 d6 8. Bb2
Qd7 9. d3 Nh6 10. Qd2 Nf5 11. Nd5 Nfd4 12. Nxd4 cxd4 13. e4 e6 14. Nb4 Ne7 15.
Nc2 e5 16. f4 h5 17. Nb4 h4 18. Nd5 hxg3 19. hxg3 Bxd5 20. cxd5 f5 21. Rae1
O-O-O 22. a4 fxe4 23. Bxe4 Nf5 24. Rf3 Ne3 25. Rexe3 dxe3 26. Qxe3 exf4 27.
Qc1+ Kb8 28. Rxf4 Rc8 29. Qd2 Bxb2 30. Qxb2 Qh3 31. Rf2 Qxg3+ 32. Kf1 Rhf8 33.
Rf6 Rc1+ 0-1

[Event "10e Open Internationnal de Balagne"]
[Site "Calvi"]
[Date "2013.04.13"]
[Round "4"]
[White "Bacrot, Etienne "]
[Black "Massoni, Michael "]
[Result "1-0"]
[WhiteElo "2705"]
[BlackElo "2385"]
[PlyCount "89"]
[EventDate "2013.04.13"]

1. Nf3 Nf6 2. c4 e6 3. g3 d5 4. Bg2 c6 5. d4 Be7 6. O-O O-O 7. Nc3 b6 8. Ne5
Bb7 9. Bf4 Nfd7 10. Nxd7 Nxd7 11. cxd5 cxd5 12. Rc1 a6 13. Bc7 Qe8 14. Qb3 b5
15. e4 Rc8 16. Ba5 dxe4 17. Nxe4 Bd5 18. Qe3 Nb8 19. Bb6 Nd7 20. Ba5 Nb8 21.
Bc7 Nc6 22. Nd6 Qd7 23. Nxc8 Rxc8 24. Bxd5 Qxd5 25. Bb6 Bg5 26. f4 Bf6 27. Qf3
Qd7 28. Rfd1 Ne7 29. Rxc8+ Qxc8 30. Bc5 Nd5 31. f5 h6 32. Re1 Nc7 33. Qc6 Qd8
34. Qd6 Qxd6 35. Bxd6 Bxd4+ 36. Kg2 Nd5 37. fxe6 fxe6 38. Rxe6 Bxb2 39. Re8+
Kf7 40. Ra8 Ke6 41. Rxa6 Kf5 42. Kf3 Bf6 43. g4+ Kg6 44. Ra5 Nc3 45. Bb4 1-0

[Event "10e Open Internationnal de Balagne"]
[Site "Calvi"]
[Date "2013.04.13"]
[Round "5"]
[White "Fressinet, Laurent "]
[Black "Tkachiev, Vladislav "]
[Result "1-0"]
[WhiteElo "2706"]
[BlackElo "2632"]
[PlyCount "89"]
[EventDate "2013.04.13"]

1. e4 e5 2. Nf3 Nc6 3. Bb5 a6 4. Ba4 d6 5. c3 Bd7 6. d4 g6 7. O-O Bg7 8. d5
Nce7 9. c4 h6 10. Nc3 f5 11. Bxd7+ Qxd7 12. Ne1 Nf6 13. f3 c5 14. dxc6 bxc6 15.
Nd3 Qc7 16. Be3 O-O 17. Qe2 c5 18. b4 cxb4 19. Nxb4 Rfc8 20. c5 dxc5 21. Nxa6
Qa5 22. Qc4+ Kh8 23. Nxc5 fxe4 24. N3xe4 Nf5 25. Bf2 Nxe4 26. fxe4 Nd4 27. Rfc1
Bf8 28. Bxd4 exd4 29. Qxd4+ Bg7 30. e5 Rc6 31. Nb3 Rxc1+ 32. Rxc1 Qb5 33. Qe4
Re8 34. e6 Qb6+ 35. Nc5 Qb2 36. Nd3 Qb6+ 37. Nc5 Qb2 38. Qc2 Qb6 39. Kh1 Rc8
40. h3 Qd6 41. Qe4 Rxc5 42. Rxc5 Qxc5 43. e7 Qc1+ 44. Kh2 Qc7+ 45. g3 1-0

[Event "10e Open Internationnal de Balagne"]
[Site "Calvi"]
[Date "2013.04.13"]
[Round "5"]
[White "Svetushkin, Dmtry "]
[Black "Rossi, Pascal "]
[Result "1-0"]
[WhiteElo "2588"]
[BlackElo "1819"]
[PlyCount "51"]
[EventDate "2013.04.13"]

1. e4 d5 2. exd5 Qxd5 3. Nc3 Qa5 4. d4 Nf6 5. Bd2 c6 6. Bc4 Bf5 7. Nf3 e6 8.
Ne4 Qd8 9. Ng3 Bg6 10. h4 Nbd7 11. h5 Be4 12. c3 Qc7 13. Qe2 Bd5 14. Bd3 Bd6
15. c4 Bxf3 16. Qxf3 Bxg3 17. fxg3 O-O-O 18. h6 Rhg8 19. O-O-O g6 20. Bg5 Qa5
21. Bxf6 Nxf6 22. Qxf6 Qxa2 23. Qxf7 Rge8 24. Qxh7 Qa1+ 25. Kc2 Qa4+ 26. Kb1
1-0

[Event "10e Open Internationnal de Balagne"]
[Site "Calvi"]
[Date "2013.04.13"]
[Round "5"]
[White "Massoni, Michael "]
[Black "Gertosio, Franck "]
[Result "0-1"]
[WhiteElo "2385"]
[BlackElo "2180"]
[PlyCount "76"]
[EventDate "2013.04.13"]

1. d4 Nf6 2. c4 g6 3. Nc3 d5 4. cxd5 Nxd5 5. Bd2 Bg7 6. e4 Nb6 7. Be3 O-O 8.
Rc1 Nc6 9. Nf3 Bg4 10. d5 Ne5 11. Be2 Bxf3 12. gxf3 Nec4 13. Bg5 Qd6 14. Qb3 h6
15. Be3 Nxe3 16. fxe3 a6 17. f4 g5 18. O-O gxf4 19. exf4 Bd4+ 20. Kh1 e5 21. f5
Kh7 22. Bh5 Qf6 23. Ne2 Qh4 24. Qf3 Nd7 25. Rxc7 Nf6 26. Ng3 Rac8 27. Rfc1 Rxc7
28. Rxc7 Qg5 29. Bxf7 Kh8 30. Bg6 Qd2 31. Qe2 Qf4 32. Kg2 Ng4 33. d6 Ne3+ 34.
Kh1 Bb6 35. Rh7+ Kg8 36. Rxb7 Rc8 37. Qd2 Rc1+ 38. Qxc1 Qf3+ 0-1

[Event "10e Open Internationnal de Balagne"]
[Site "Calvi"]
[Date "2013.04.13"]
[Round "6"]
[White "Gertosio, Franck "]
[Black "Fressinet, Laurent "]
[Result "0-1"]
[WhiteElo "2180"]
[BlackElo "2706"]
[PlyCount "58"]
[EventDate "2013.04.13"]

1. e4 e6 2. d4 d5 3. e5 c5 4. c3 Nc6 5. Nf3 Bd7 6. a3 f6 7. b4 fxe5 8. b5 Na5
9. dxe5 Qc7 10. Nbd2 Nh6 11. c4 O-O-O 12. Qa4 Nf7 13. cxd5 exd5 14. Be2 g5 15.
Bb2 Bg7 16. O-O g4 17. Ne1 Bxe5 18. Bxe5 Nxe5 19. Rc1 b6 20. Nd3 Nxd3 21. Bxd3
Kb8 22. Rfd1 Rhf8 23. Nf1 Qf4 24. Qxf4+ Rxf4 25. Bxh7 Bxb5 26. Ne3 d4 27. g3
Rff8 28. Ng2 Be2 29. Re1 d3 0-1

[Event "10e Open Internationnal de Balagne"]
[Site "Calvi"]
[Date "2013.04.13"]
[Round "6"]
[White "Pieri, Pierre-Louis "]
[Black "Svetushkin, Dmtry "]
[Result "0-1"]
[WhiteElo "2053"]
[BlackElo "2588"]
[PlyCount "75"]
[EventDate "2013.04.13"]

1. e4 g6 2. d4 Bg7 3. Nf3 d6 4. Bd3 Nf6 5. Bf4 O-O 6. O-O a6 7. a4 b6 8. Nbd2
Bb7 9. c3 Nbd7 10. Qe2 Nh5 11. Bg5 h6 12. Bh4 Nf4 13. Qe3 Nxd3 14. Qxd3 Qe8 15.
Rae1 e5 16. h3 Nf6 17. Bxf6 Bxf6 18. Nh2 Bg7 19. b3 Rd8 20. f4 exf4 21. Rxf4
Qe7 22. Ref1 h5 23. g4 Bh6 24. gxh5 Bxf4 25. Rxf4 Qg5+ 26. Rg4 Qxh5 27. Qg3
Rde8 28. Nhf3 Qh6 29. Kf2 Qg7 30. h4 Re6 31. h5 Rfe8 32. Ng5 Rf6+ 33. Ngf3 Rfe6
34. Qh4 Qf6 35. hxg6 Qxh4+ 36. Nxh4 Bxe4 37. Rf4 Rf6 38. Kg3 0-1

[Event "10e Open Internationnal de Balagne"]
[Site "Calvi"]
[Date "2013.04.13"]
[Round "6"]
[White "Tkachiev, Vladislav"]
[Black "Rapport, Richard "]
[Result "0-1"]
[WhiteElo "2632"]
[BlackElo "2654"]
[PlyCount "116"]
[EventDate "2013.04.13"]

1. Nf3 d6 2. d4 Nf6 3. g3 g6 4. Bg2 Bg7 5. O-O O-O 6. c4 Nc6 7. Nc3 Bf5 8. Ne1
Na5 9. e4 Bg4 10. f3 Bd7 11. Qe2 Nc6 12. Nc2 e5 13. dxe5 dxe5 14. Be3 Be6 15.
Rad1 Qc8 16. b4 Re8 17. Nd5 Nb8 18. Bc5 Nc6 19. b5 b6 20. Ba3 Na5 21. Nce3 Kh8
22. Bb2 Nd7 23. f4 c6 24. f5 Bxd5 25. cxd5 cxb5 26. fxg6 fxg6 27. Bh3 Qd8 28.
Rf7 Re7 29. Rxe7 Qxe7 30. d6 Qd8 31. Qxb5 Nc5 32. d7 h5 33. Qf1 Nc6 34. Qf7 Qg5
35. Bc1 Rf8 36. Nf5 Rxf7 37. Bxg5 gxf5 38. d8=Q+ Nxd8 39. Rxd8+ Rf8 40. Rxf8+
Bxf8 41. exf5 Ne4 42. Bd8 Kg7 43. Kg2 Bd6 44. Kf3 Nf6 45. Bf1 e4+ 46. Ke3 Bc5+
47. Kf4 e3 48. Be2 Nd5+ 49. Ke4 Nc3+ 50. Kd3 Nxa2 51. Bxh5 Nc1+ 52. Kc2 e2 53.
f6+ Kh7 54. Bxe2 Nxe2 55. Be7 Kg6 56. Kd3 Nd4 57. Bxc5 bxc5 58. Kc4 Ne6 0-1

[Event "10e Open Internationnal de Balagne"]
[Site "Calvi"]
[Date "2013.04.13"]
[Round "7"]
[White "Fressinet, Laurent "]
[Black "Rapport, Richard "]
[Result "0-1"]
[WhiteElo "2706"]
[BlackElo "2654"]
[PlyCount "44"]
[EventDate "2013.04.13"]

1. Nc3 d5 2. e4 dxe4 3. Nxe4 Nf6 4. Nxf6+ gxf6 5. Nf3 Qd6 6. d4 Bg4 7. Be2 Nc6
8. c3 O-O-O 9. Be3 Rg8 10. Qa4 e6 11. O-O-O Qd5 12. Rhe1 Bh5 13. Ng1 Rxg2 14.
c4 Qf5 15. d5 exd5 16. Bd3 Qd7 17. cxd5 Bxd1 18. Rxd1 Qxd5 19. Ne2 Nb4 20. Nf4
Nxd3+ 21. Rxd3 Qc6+ 22. Qxc6 Rg1+ 0-1

[Event "10e Open Internationnal de Balagne"]
[Site "Calvi"]
[Date "2013.04.13"]
[Round "7"]
[White "Svetushkin, Dmtry "]
[Black "Humeau, Cyril "]
[Result "1-0"]
[WhiteElo "2588"]
[BlackElo "2312"]
[PlyCount "69"]
[EventDate "2013.04.13"]

1. e4 e5 2. Nf3 Nf6 3. Nxe5 d6 4. Nf3 Nxe4 5. d4 d5 6. Bd3 Nc6 7. O-O Be7 8.
Nc3 Bf5 9. Re1 Nxc3 10. bxc3 Bxd3 11. Qxd3 O-O 12. Bf4 Re8 13. Rab1 b6 14. c4
Nb4 15. Qd2 Nc6 16. Re3 Qd7 17. cxd5 Qxd5 18. Rbe1 Kf8 19. Qe2 Qd7 20. Qd3 Kg8
21. Qe2 Kf8 22. Ne5 Nxe5 23. Bxe5 Bd6 24. Bxg7+ Kxg7 25. Rxe8 Rxe8 26. Qxe8 Qg4
27. Qe4 Qh5 28. g3 Qa5 29. Qg4+ Kf6 30. Re8 h6 31. Qh4+ Kg7 32. Re4 Qxa2 33.
Rg4+ Kh7 34. Qd8 f5 35. Qd7+ 1-0

[Event "10e Open Internationnal de Balagne"]
[Site "Calvi"]
[Date "2013.04.13"]
[Round "7"]
[White "Brethes, Francois "]
[Black "Bacrot, Etienne "]
[Result "0-1"]
[WhiteElo "2234"]
[BlackElo "2705"]
[PlyCount "150"]
[EventDate "2013.04.13"]

1. d4 Nf6 2. c4 e6 3. g3 c5 4. d5 exd5 5. cxd5 d6 6. Nc3 g6 7. Bg2 Bg7 8. Nf3
O-O 9. O-O Nbd7 10. Re1 a6 11. a4 Rb8 12. Bf4 Qe7 13. e4 Ng4 14. a5 b5 15. axb6
Rxb6 16. Ra2 Nge5 17. Nxe5 Nxe5 18. h3 Bd7 19. Bf1 f5 20. Bg2 g5 21. Bxe5 Qxe5
22. exf5 Qxf5 23. Ne4 Rxb2 24. Rxb2 Bxb2 25. Nxd6 Qxf2+ 26. Kh2 Bd4 27. Ne4 Qf5
28. Rf1 Qg6 29. Rxf8+ Kxf8 30. Qb3 Bb5 31. d6 Qf5 32. d7 Bxd7 33. Qb8+ Kg7 34.
Qd6 Qe6 35. Qc7 Qe7 36. Nxg5 Be5 37. Qb7 Bxg3+ 38. Kxg3 Qxg5+ 39. Kh2 Qe5+ 40.
Kh1 Qd6 41. Qb2+ Qd4 42. Qe2 Qd6 43. Qb2+ Kg8 44. Qb7 Qd1+ 45. Kh2 Qd6+ 46. Kh1
Kf7 47. Qe4 Qd1+ 48. Kh2 Qd6+ 49. Kh1 Kg8 50. Qc4+ Be6 51. Qh4 Qd1+ 52. Kh2
Qd6+ 53. Kh1 Bf7 54. Qg4+ Bg6 55. Qc8+ Kg7 56. Qb7+ Kh6 57. Qc8 a5 58. Qg4 Kg7
59. Qh4 Qf6 60. Qa4 Qd8 61. Qa1+ Kh6 62. Qc1+ Qg5 63. Qc3 a4 64. Qa3 Be8 65.
Qf3 Qe7 66. Qf4+ Kg7 67. Be4 Bg6 68. Bg2 a3 69. Qc4 Qe1+ 70. Kh2 Qe5+ 71. Kh1
Qd4 72. Qe2 Bf7 73. Be4 Qa1+ 74. Kh2 Qe5+ 75. Kh1 Bg6 0-1

[Event "10e Open Internationnal de Balagne"]
[Site "Calvi"]
[Date "2013.04.13"]
[Round "8"]
[White "Rapport, Richard "]
[Black "Svetushkin, Dmtry "]
[Result "0-1"]
[WhiteElo "2654"]
[BlackElo "2588"]
[PlyCount "84"]
[EventDate "2013.04.13"]

1. b3 d5 2. Bb2 Nf6 3. g3 c6 4. Bg2 Bf5 5. Nf3 h6 6. d3 e6 7. Nbd2 Be7 8. O-O
O-O 9. c4 Nbd7 10. a3 a5 11. Rc1 Bh7 12. Rc2 Bd6 13. Qa1 Qe7 14. Nh4 e5 15.
cxd5 cxd5 16. Rfc1 e4 17. dxe4 dxe4 18. Nc4 g5 19. Nxd6 Qxd6 20. Rd1 Qe6 21.
Rcd2 Ra6 22. e3 gxh4 23. Bf1 Rb6 24. Bd4 Rc6 25. Bb5 Rd6 26. Kh1 Bg6 27. gxh4
Kh7 28. Rg1 Bh5 29. Rg3 Rg8 30. Bc4 Qf5 31. Qf1 Bf3+ 32. Kg1 Nh5 33. Rc2 Rdg6
34. Bb5 Nxg3 35. fxg3 Ne5 36. Rc5 Rxg3+ 37. hxg3 Rxg3+ 38. Kf2 Bg2+ 39. Kxg3
Bxf1 40. Bxf1 Qf3+ 41. Kh2 Ng4+ 42. Kg1 Qf2+ 0-1

[Event "10e Open Internationnal de Balagne"]
[Site "Calvi"]
[Date "2013.04.13"]
[Round "8"]
[White "Tkachiev, Vladislav "]
[Black "Utrera, Ludovic "]
[Result "1-0"]
[WhiteElo "2632"]
[BlackElo "2012"]
[PlyCount "67"]
[EventDate "2013.04.13"]

1. d4 Nf6 2. c4 g6 3. g3 Bg7 4. Bg2 O-O 5. Nc3 d6 6. Nf3 Nc6 7. O-O e5 8. d5
Ne7 9. e4 Nd7 10. Kh1 f5 11. Ng5 Nf6 12. exf5 Nxf5 13. f4 h6 14. Ne6 Bxe6 15.
dxe6 exf4 16. Bxf4 Rb8 17. Qd2 Kh7 18. Rae1 Qe7 19. Bh3 Qe8 20. Bxf5 gxf5 21.
Qd3 Ng4 22. Nd5 Ne5 23. Bxe5 dxe5 24. e7 Rf7 25. Rxf5 Kg8 26. Ref1 Rxe7 27.
Nxe7+ Qxe7 28. Qd5+ Kh7 29. Rf7 Qg5 30. Rxc7 Rd8 31. Qe4+ Kh8 32. Rxb7 Qd2 33.
Qg6 Qd3 34. Qxg7# 1-0

[Event "10e Open Internationnal de Balagne"]
[Site "Calvi"]
[Date "2013.04.13"]
[Round "8"]
[White "Humeau, Cyril "]
[Black "Gertosio, Franck "]
[Result "1-0"]
[WhiteElo "2312"]
[BlackElo "2180"]
[PlyCount "92"]
[EventDate "2013.04.13"]

1. c4 e5 2. g3 Nc6 3. Bg2 g6 4. Nc3 Bg7 5. Nf3 d6 6. d3 Nf6 7. O-O O-O 8. Rb1
a5 9. a3 Re8 10. Bg5 h6 11. Bxf6 Bxf6 12. b4 axb4 13. axb4 Bg7 14. b5 Ne7 15.
Qb3 c6 16. Nd2 Be6 17. bxc6 bxc6 18. Nce4 f5 19. Nc3 Qa5 20. Rfc1 Bf7 21. Kf1
d5 22. cxd5 cxd5 23. Qb5 Qxb5 24. Nxb5 Ra2 25. Ke1 Rd8 26. e3 d4 27. exd4 exd4
28. Nc7 h5 29. f4 Bf8 30. Ra1 Rxa1 31. Rxa1 Rc8 32. Nb5 Bd5 33. Bxd5+ Nxd5 34.
Nxd4 Nb4 35. Ra4 Re8+ 36. Kf1 Nxd3 37. N2f3 Rb8 38. Ra6 Rb2 39. Rxg6+ Kf7 40.
Rc6 Be7 41. h4 Bf6 42. Ng5+ Kg6 43. Nh7 Kxh7 44. Rxf6 Nc5 45. Nxf5 Ne4 46. Rh6+
Kg8 1-0

[Event "10e Open Internationnal de Balagne"]
[Site "Calvi"]
[Date "2013.04.13"]
[Round "8"]
[White "Bacrot, Etienne "]
[Black "Fressinet, Laurent "]
[Result "1/2-1/2"]
[WhiteElo "2705"]
[BlackElo "2706"]
[PlyCount "120"]
[EventDate "2013.04.13"]

1. d4 e6 2. c4 Bb4+ 3. Bd2 a5 4. Nf3 Nf6 5. g3 d6 6. Bg2 Nbd7 7. O-O e5 8. e3
c6 9. Bc3 e4 10. Ne1 O-O 11. a3 Bxc3 12. Nxc3 Re8 13. f3 exf3 14. Qxf3 Nb6 15.
b3 a4 16. c5 dxc5 17. dxc5 Qd2 18. Nxa4 Nxa4 19. bxa4 Qxe3+ 20. Qxe3 Rxe3 21.
Rf4 Rc3 22. Rd4 Be6 23. Rb4 Rxc5 24. Rxb7 h6 25. Nd3 Rc3 26. Ne5 Rxa4 27. Nxc6
Rcxa3 28. Rxa3 Rxa3 29. Rb1 Ra2 30. Nd4 Bd7 31. Rf1 Rd2 32. Nf3 Rd6 33. Ne5 Be6
34. Nc6 Ng4 35. Re1 Rd2 36. Ne7+ Kh8 37. Ng6+ fxg6 38. Rxe6 Rd1+ 39. Bf1 Nf6
40. Kg2 Rd2+ 41. Re2 Rxe2+ 42. Bxe2 Kg8 43. Bc4+ Kf8 44. h4 Nd7 45. Be2 Ke7 46.
Kf3 Kf6 47. Kf4 Nc5 48. g4 Ne6+ 49. Ke4 g5 50. h5 Nf4 51. Bc4 g6 52. hxg6 Nxg6
53. Kd5 Nf4+ 54. Ke4 Ng6 55. Kd5 Ne7+ 56. Kd6 h5 57. gxh5 Nf5+ 58. Kc5 g4 59.
h6 g3 60. h7 Kg7 1/2-1/2

[Event "10e Open Internationnal de Balagne"]
[Site "Calvi"]
[Date "2013.04.13"]
[Round "9"]
[White "Svetushkin, Dmtry "]
[Black "Bacrot, Etienne "]
[Result "1/2-1/2"]
[WhiteElo "2588"]
[BlackElo "2705"]
[PlyCount "94"]
[EventDate "2013.04.13"]

1. e4 c5 2. Nf3 Nc6 3. d4 cxd4 4. Nxd4 e5 5. Nb5 d6 6. c4 Be7 7. N1c3 a6 8. Na3
Be6 9. Be2 Bg5 10. O-O Bxc1 11. Rxc1 Nf6 12. Qd2 O-O 13. Rfd1 Qb6 14. Nc2 Rfd8
15. b3 Rac8 16. Qe3 Qxe3 17. Nxe3 Nd4 18. Kf1 Kf8 19. Nc2 Nxc2 20. Rxc2 Ke7 21.
Rcc1 Rc6 22. f3 Rdc8 23. a4 Nd7 24. Kf2 a5 25. Rd2 Nc5 26. Bd1 Rb6 27. Nb5 f5
28. exf5 Bxf5 29. Rc3 Rf8 30. Bc2 Bxc2 31. Rdxc2 Ne4+ 32. Ke3 Nxc3 33. Rxc3 Rc6
34. Rd3 Ke6 35. Nc3 Rd8 36. Nd5 Rd7 37. Ke4 Rf7 38. h4 Rc8 39. g4 Rcf8 40. Rc3
g6 41. Rd3 Kd7 42. Rc3 Kc6 43. Re3 b6 44. Rc3 h5 45. g5 Rf4+ 46. Nxf4 Rxf4+ 47.
Ke3 Rxh4 1/2-1/2

[Event "10e Open Internationnal de Balagne"]
[Site "Calvi"]
[Date "2013.04.13"]
[Round "9"]
[White "Gertosio, Franck "]
[Black "Tkachiev, Vladislav "]
[Result "0-1"]
[WhiteElo "2180"]
[BlackElo "2632"]
[PlyCount "64"]
[EventDate "2013.04.13"]

1. e4 e5 2. Nf3 Nc6 3. Bc4 Bc5 4. c3 Nf6 5. d3 d6 6. Bb3 h6 7. Nbd2 a6 8. O-O
O-O 9. Re1 Be6 10. Nf1 Bxb3 11. axb3 d5 12. Qe2 Re8 13. h3 Qd7 14. N3h2 Rad8
15. Ng3 dxe4 16. dxe4 Qd3 17. Be3 Qxe2 18. Rxe2 Bxe3 19. Rxe3 a5 20. Nf3 Nd7
21. Rd1 Nc5 22. Rxd8 Rxd8 23. b4 Rd1+ 24. Kh2 axb4 25. cxb4 Nd3 26. b5 Nd4 27.
Nxd4 exd4 28. Re2 Nb4 29. e5 d3 30. Re4 c5 31. bxc6 Nxc6 32. Nf5 Rf1 0-1